Ski mask the slump god songs A-Z - Statistics

General Stats
  • This quiz has been taken 7 times
  • The average score is 17 of 23
Answer Stats
Hint Answer % Correct
B Bird is the word/babywipe/bukkake/burn the hoods/by myself/bowser/broly/Billy& Mandy/black forces
100%
C Catch me outside/catch me outside 2/coolest monkey in the jungle/Child's play/cat piss/carbonated water/cowbell warriors!/cheat codes/Costa rica/chanel/ chemicals
100%
E EverTookATab?/energy/earwax/empty/E-Er
100%
F Foot fungus/far gone/faucet failure/fire hazard/Freddy vs Jason/full moon/frozenone/from yard/FUXK/flo rida/fatality/fly away/freaky fred/Florida water
100%
H H2O/hulk/headrush/Him Jung un/he Diddy!/heebie jeebies/heavy/how you feel/holy/hell in a cell/hit the floor/hopped out
100%
L Lost souls/La La/lost in time/let it breathe/life is short/life goes on
100%
O Off the Wall!/ooga booga
100%
T Take a step back/throwaway/the matrix/tuk-tuk/through 2 u
100%
U Unbothered/U and I/up next/unmask/uh uh
100%
A Adventure time/adults swim/admit it/achoo/alien sex/apple sauce
75%
I IWatchedHimDrown/Invisible klip/I like bricks/iceberg/Iloveitwhentheyrun
75%
N Nuketown/new bugatti/nationwide/needles kimono/not tonite
75%
R Rambo/run/reborn to rebel/RIP roach/RickyBobby!
75%
S So high/Suicide season/Spin/save me/Shibuya/static shock/soda/SLMD/shit talk/snomed/skimeetsworld/spits
75%
V Vetty Vrocker/VR all stars
75%
W WTF!?/winnie/WDYM/wake up!/what in XXXTarnation/where's the blow!/wet
75%
G Gone/geekin/get geeked/Go!/giggle
50%
J Justlikemypiss/Jah's interlude/Jump/JFK/jumpy
50%
K Killstreak/kate moss
50%
D DoIhavethesause?/dapper dan/Dr Suess/DragonTooth/demon time
25%
M Merlin's staff/monsters inc./Mandalorian/make eem run!
25%
Y Ya!/young voorhees
25%
P Psycho/part the sea/pull up
0%
No matching quizzes found
Score Distribution
Percent of People with Each Score
Percentile by Number Answered
Your Score History
You have not taken this quiz